| 000 | 01061nam0a2200289 4500 | ||
|---|---|---|---|
| 001 | RU\NLR\bibl\797122 | ||
| 005 | 20260406041856.0 | ||
| 010 |
_a5-699-09377-Х _95000 |
||
| 021 |
_aRU _b2005-5535 _9279 |
||
| 035 | _a(NLR Aleph) 000786321 | ||
| 090 |
_a1093796 _c1093796 |
||
| 100 | _a20050511d2005 |||y0rusy50 ca | ||
| 101 | 1 |
_arus _ceng |
|
| 102 | _aRU | ||
| 105 | _aa ||||||||| | ||
| 200 | 1 |
_aОбитель теней _e[роман] _fПитер Страуб _g[пер. с англ. В. Филипенко _gхудож. И. Жмайлова] |
|
| 210 |
_aМосква _cЭксмо _aСанкт-Петербург _cДомино _d2005 |
||
| 215 |
_a601, [2] с. _cил. _d21 |
||
| 225 | 1 |
_aШедевры мистики _fсост. А. Жикаренцев |
|
| 686 | _aШ6(7США)67-445{Лх1979-62} | ||
| 700 | 1 |
_4070 _7ca _8rus _aСтрауб _bП. _f1943-2022 _gПитер _9112235 _3RU\NLR\AUTH\772219 |
|
| 801 | 0 |
_aRU _bNLR _c20050511 _grcr |
|
| 801 | 1 |
_aRU _bNLR _c20050511 |
|
| 942 | _cBOOK | ||
| 980 | _aNB | ||